| 000 | 04661nam0a2200469 4500 | ||
|---|---|---|---|
| 001 | RU\NLR\bibl\1313012 | ||
| 005 | 20260407191130.0 | ||
| 010 |
_a978-5-17-055166-8 _bАСТ |
||
| 010 |
_a978-5-9713-9101-2 _bАСТ Москва _95000 |
||
| 021 |
_aRU _b2008-89113 _95206 |
||
| 035 | _a(NLR Aleph) 001298440 | ||
| 090 |
_a603762 _c603762 |
||
| 100 | _a20081111d2008 |||y0rusy50 ca | ||
| 101 | 0 | _arus | |
| 102 | _aRU | ||
| 105 | _ay ||||||||| | ||
| 200 | 1 |
_aУбить чужого _e[сборник произведений звезд русской фантастики] _fEUROCON 2008 _gсост. Андрей Синицын |
|
| 210 |
_aМосква _cЭксмо _d2008 |
||
| 215 |
_a478, [1] с. _d22 |
||
| 225 | 1 | _aТолько новые произведения | |
| 327 | 0 | _aСодерж.: Чоза грибы / Леонид Каганов. Мы работаем за деньги / Олег Дивов. Время разбрасывать камни / Евгений Лукин. Аська / Ирина Андронати, Андрей Лазарчук. Зеленые нечеловечки / Василий Головачев. Трудно одержать поражение / Владимир Михайлов. Скверна / Александр Громов. Заколдованный сектор / Владимир Васильев. Сказка о трусливом портняжке / Сергей Лукьяненко. Дипломатический вопрос / Вадим Панов [и др.] | |
| 464 | 0 |
_12001#$aЧоза грбы _1700#1$aКаганов$bЛ.$gЛеонид$4070 _tЧоза грбы _aКаганов, Леонид |
|
| 464 | 0 |
_12001#$aМы работаем за деньги _1700#1$3RU\NLR\auth\7723382$aДивов$bО. И.$f1968-$gОлег Игоревич$4070 _tМы работаем за деньги _aДивов, Олег Игоревич (1968-) |
|
| 464 | 0 |
_12001#$aВремя разбрасывать камни _1700#1$3RU\NLR\auth\7746705$aЛукин$bЕ. В.$gЕвгений Валентинович$f1956-$4070 _tВремя разбрасывать камни _aЛукин, Евгений Валентинович (1956-) |
|
| 464 | 0 |
_12001#$aАська _1700#1$aАндронати$bИ.$gИрина$4070 _1701#1$aЛазарчук$bА. Г.$f1958-$gАндрей$3RU\NLR\AUTH\770192223$4070 _tАська _aАндронати, Ирина |
|
| 464 | 0 |
_12001#$aЗеленые нечеловечки _1700#1$3RU\NLR\auth\77906$aГоловачев$bВ. В.$f1948-$gВасилий Васильевич$4070 _tЗеленые нечеловечки _aГоловачев, Василий Васильевич (1948-) |
|
| 464 | 0 |
_12001#$aТрудно одержать поражение _1700#1$3RU\NLR\auth\7716908$aМихайлов$bВ. Д.$cписатель-фантаст$f1929-2008$gВладимир Дмитриевич$4070 _tТрудно одержать поражение _aМихайлов, Владимир Дмитриевич (писатель-фантаст ; 1929-2008) |
|
| 464 | 0 |
_12001#$aСкверна _1700#1$3RU\NLR\AUTH\777965$aГромов$bА. Н.$cписатель-фантаст$f1959-$gАлександр Николаевич$4070 _tСкверна _aГромов, Александр Николаевич (писатель-фантаст ; 1959-) |
|
| 464 | 0 |
_12001#$aЗаколдованный сектор _1700#1$3RU\NLR\auth\771678$aВасильев$bВ. Н.$cфантаст$f1967-$gВладимир Николаевич$4070 _tЗаколдованный сектор _aВасильев, Владимир Николаевич (фантаст ; 1967-) |
|
| 464 | 0 |
_12001#$aСказка о трусливом портняжке _1700#1$3RU\NLR\auth\77833$aЛукьяненко$bС. В.$f1968-$gСергей Васильевич$4070 _tСказка о трусливом портняжке _aЛукьяненко, Сергей Васильевич (1968-) |
|
| 464 | 0 |
_12001#$aДипломатический вопрос _1700#1$aПанов$bВ.$gВадим$4070 _tДипломатический вопрос _aПанов, Вадим |
|
| 686 | _aШ6(2=Р)75-445 | ||
| 702 | 1 |
_aСиницын _bА. _gАндрей _4220 |
|
| 711 | 1 | 2 |
_a"Еврокон", конференция профессионалов и любителей фантастики _f2008 _eРоссия _3RU\NLR\AUTH\8810124115 _9745864 |
| 801 | 0 |
_aRU _bЦУНБ Москва _c20081111 _grcr |
|
| 801 | 1 |
_aRU _bЦУНБ Москва _c20081111 _2rusmarc |
|
| 801 | 2 |
_aRU _bNLR _c20081226 _grcr |
|
| 942 | _cBOOK | ||
| 980 | _aNB | ||